LEADER 01816nam0 2200397 i 450 001 BVEE017962 005 20170908093206.0 012 $ao-a- esmi s.io **** (C) 1533 (R)$2fei 100 $a20120530d1533 ||||0itac50 ba 101 | $alat 102 $ade 181 1$6z01$ai $bxxxe 182 1$6z01$an 200 1 $aLexicon Graecolatinum praeter omneis omnium hactenus accessiones, nouo supra mille uocabulorum auctario iam recens locupletatum. Autore G. Longolio Vtricen. ... 210 $aColoniae$cex officina Ioannis Prael$d mense Septembri 1533 (\Colonia$cJohannes Prael!! 215 $a\460! c.$d8º 300 $aA cura di Kaspar Severinus, il cui nome appare nella pref 300 $aMarca in fine 300 $aCors. ; gr. ; rom 300 $aSegn.: π⁸a-z⁸A-2K⁸2L⁴ 300 $aIniziali xil. 316 $a1 v. - Mancano i fasc. da D8 a 2L4$5IT-NA0070, Z.B. 0134 620 $dColonia$3RMLL000779 700 1$aLongueil$b, Gilbert : de$f <1507-1543>$3BVEV018170$4070$0743741 702 1$aSeverinus$b, Kaspar $f $3BVEV048047 712 02$aPrael, Johannes$3BVEV040094$4650 790 1$aLongolius$b, Gybertus$3BVEV094830$zLongueil, Gilbert : de <1507-1543> 790 1$aPraël$b, Iohannes$3CFIV281435$zPrael, Johannes 801 3$aIT$bIT-NA0079$c20120530 850 $aIT-NA0070 912 $aBVEE017962 921 $aSBNM000001$bMarca non controllata$cS2$dIn fine 950 0$aBiblioteca Universitaria$c1 v.$d BUZ.B. 0134$e BUSI 0000234915 B 1 v. - Mancano i fasc. da D8 a 2L4$fZ $h20120530$i20120530 977 $a BU 996 $aLexicon Graecolatinum praeter omneis omnium hactenus accessiones, nouo supra mille uocabulorum auctario iam recens locupletatum. Autore G. Longolio Vtricen. ..$91480104 997 $aUNISANNIO LEADER 01146nam a2200289 i 4500 001 991001361429707536 005 20020507124857.0 008 991012s1997 it ||| | ita 020 $a8814063451$c140000 035 $ab10210039-39ule_inst 035 $aLE02984511$9ExL 040 $aISUFI - Sett. Diritti e Politiche Euromediterranee$bita 082 0 $a343.4507 110 1 $aItalia$0423419 245 10$aCodice del Mercato comune :$braccolta di provvedimenti italiani di esecuzione del Trattato istitutivo e degli atti della Unione e della Comunit europea /$c[a cura di] Massimo Panebianco 250 $aNuova serie 260 $aMilano :$bGiuffr,$c1997- . 300 $avii, 1133 p. ;$c25 cm. 500 $aAggiornamento al 31 dicembre 1996 650 4$aCodice - Mercato comune 700 1 $aPanebianco, Massimo 907 $a.b10210039$b02-04-14$c27-06-02 912 $a991001361429707536 945 $aLE029 343 PAN01.01$g1$iLE029-0117$lle029$o-$pE0.00$q-$rn$so $t0$u0$v0$w0$x0$y.i10258565$z27-06-02 996 $aCodice del Mercato comune$9191776 997 $aUNISALENTO 998 $ale029$b01-01-99$cm$da $e-$fita$git $h0$i1